000 04650nam a2200313 4500
001 113485
003 DR-UNIBE
005 20250424135825.0
008 250424b2001 dr ||||| |||| 00| 0 spa d
020 _a9789993481645
020 _a9993481645
040 _aBIBLIOTECA UNIBE
_cBIBLIOTECA UNIBE
_bspa
041 _aspa
082 _222
_aRD 347.7293016 C348m 2001
100 1 _aCastellanos Estrella, Víctor José
_eautor
_929257
245 1 0 _aManual para jueces de paz /
_cVíctor José Castellanos Estrella
250 _aTercera edición ampliada, corregida y actualizada
260 _aSanto Domingo :
_bEscuela Nacional de la Judicatura,
_c2001
300 _a643 páginas ;
_c28 cm
490 _aBiblioteca básica del juez de paz ;
_v1
500 _a"Premio Nacional de Didáctica, 1991."
505 0 _aIntroducción | Introducciones para el uso de este manual | PRIMERA PARTE. NORMATIVA JURÍDICA | Capítulo I. La Constitución dominicana | Capítulo II. La ley y otras fuentes | Capítulo III. El poder judicial | Capítulo IV. El juez de paz | Capítulo V. La acción en justicia | Capítulo VI. El proceso en el juzgado de paz | Capítulo VII. La sentencia | SEGUNDA PARTE. ANÁLISIS DE LAS DISTINTAS LEYES PENALES QUE SON DE LA COMPETENCIA DEL JUZ DE PAZ. MODELOS DE ACTOS Y SENTENCIAS | 1. Ley 241 de tránsito y vehículo de motor, Gaceta oficial 9068, de 3 de enero de 1968. Con sus modificaciones principales sobre la competencia de los juzgados de paz, las leyes No. 585, de 1977, que crea los juzgados especiales de tránsito y la No. 114, que los faculta para conocer en primer grado de todas las infracciones a la ley 241 | 2. Ley 1896, del 30 de octubre de 1948, sobre seguros sociales, Gaceta oficial 6883, del 14 de enero de 1949 | 3. Artículo 311 del código penal | 4. Artículo 410 del código penal | 5. Ley de policía No. 4984, del 27 de marzo de 1911 | 6. Ley 14-94, código para la protección de niños | 7. Ley No. 13 del 27 de abril de 1963 sobre control de precios, reformada por las leyes 60 y 352 del 20 de noviembre de 1965 y 10 de septiembre de 1968 respectivamente | 8. Ley 13 bis, de fecha 12 de octubre 197 (falta de pago por alquiler de vehículos) | 9. Ley No. 36 sobre comercio, porte y tenencia de armas, del 17 de octubre de 1965. Gaceta oficial 8950 | 10. Ley No. 5852 sobre dominio de aguas terrestres y distribución de aguas públicas | 11. Ley No. 5260 sobre establecimiento de empresas comerciales o industriales, registro mercantil o inscripción industrial. Gaceta oficial No. 8428 del 5 de diciembre de 1959 | 12. Reglamento 4377 sobre bromatología nacional. Gaceta oficial No. 8315 | 13. Artículo 401, inciso 1 y los dos últimos acápites del mismo artículo del código penal | 14. Ley No. 1841 sobre préstamos con prenda sin desapoderamiento del 9 de noviembre de 1948. Gaceta oficial No. 6857 | 15. Ley No. 00016 o código de trabajo, de fecha 29 de mayo de 1992. Gaceta oficial No. 9836 de fecha 31 de mayo de 1992 | 16. Listado de otras leyes de la competencia del juzgado de paz en atribuciones penales | TERCERA PARTE. MODELOS DE SENTENCIAS DE CARÁCTER CIVIL Y COMERCIAL | A. Cobro de pesos | B. Desalojo o cobro de pesos | C. Lanzamiento de lugar y desalojo | D. Desahucio | E. Acciones posesorias | F. Sentencia que ordena autorización de embargo con motivo de incumplimiento de pensión alimentaria (Ley 14-94 código para niños, niñas y adolescentes) | G. Sentencia comercial en cobro de pesos | CUARTA PARTE. ACTOS ADMINISTRATIVOS DEL JUEZ DE PAZ | Capítulo I. El consejo de familia | Capítulo II. Actos de notoriedad | Capítulo III. Procedimiento de fijación y levantamiento de sellos | Capítulo IV. Procedimiento con motivo de ejecución de contrato prendario | Capítulo V. Otros actos administrativos | QUINTA PARTE. MODELOS DE SENTENCIAS PARA LOS JUZGADOS DE PAZ MUNICIPALES | 1. Sentencias dictadas con motivo de violación a la ley 675, de construcción y ornato público | SEXTA PARTE. ANEXOS | 1. Gráfico: distribución jueces de paz por departamento judicial por sexo | 2. Cuadro: composición judicial dominicana por sexo | 3. Mapas: juzgados de paz por municipio, juzgados especiales de tránsito y juzgados especiales municipales | 4. Glosario | Bibliografía
650 7 _2lemb
_aJueces de paz
_zRepública Dominicana
_vManuales
_9194548
650 4 _aJuzgados de paz
_xOrganización
_vManuales
_9194549
650 7 _2lemb
_aAdministración de justicia
_zRepública Dominicana
_98552
655 7 _2lemb
_aManuales
_9194534
700 1 _aSubero Isa, Jorge A.,
_d1947-
_eprologuista
942 _2ddc
_cBK
999 _c113485
_d113485